Statistics for Premier League Players By Letter - W

Click here to take the quiz!

General Stats

  • This quiz has been taken 218 times
  • The average score is 12 of 23

Answer Stats

First NameSurnameClub% Correct
KyleWalkerTottenham Hotspur
98%
TheoWalcottArsenal
93%
JoelWardCrystal Palace
70%
JackWilshereArsenal
70%
DannyWelbeckArsenal
69%
JamesWilsonManchester United
68%
CalumWilsonBournemouth
68%
MarcWilsonStoke City
68%
GeorginioWijnaldumNewcastle United
66%
-WillianChelsea
66%
VictorWanyamaSouthampton
63%
AshleyWilliamsSwansea City
61%
JonathanWaltersStoke City
57%
JamesWard-ProwseSouthampton
57%
GlennWhelanStoke City
45%
ConnorWickhamCrystal Palace
41%
BenWatsonWatford
34%
KévinWimmerTottenham Hotspur
31%
MarcinWasilewskiLeicester City
28%
AshleyWestwoodAston Villa
28%
StevenWhittakerNorwich City
18%
AndreWisdomNorwich City
17%
PhilippWollscheidStoke City
16%

Score Distribution

Percentile by Number Answered

Percent of People with Each Score

Your Score History

You have not taken this quiz